|
|
|
|
| LEADER |
00000cam a2200000 i 4500 |
| 001 |
1/19609 |
| 008 |
120515r19671958 eng d |
| 035 |
|
|
|l 10112492
|
| 040 |
|
|
|a GR-MY-UA
|b gre
|e aacr
|
| 041 |
0 |
|
|a eng
|
| 082 |
0 |
|
|a 515.7
|2 (22)
|
| 100 |
1 |
|
|a Taylor, Angus E.
|q (Angus Ellis),
|d 1911-1999.
|
| 245 |
1 |
0 |
|a Introduction to functional analysis /
|c Anglus E. Taylor
|
| 260 |
|
|
|a New York :
|b Wiley,
|c c1958 (1967 printing)
|
| 300 |
|
|
|a xvi, 423 σ.;
|c 23 εκ.
|
| 650 |
0 |
0 |
|a Functional analysis.
|
| 852 |
|
|
|a INST
|b SAMOS
|e 20120515
|h 515.7 TAY
|p 005300033823
|q 005300033823
|t BK
|y 0
|
| 901 |
|
|
|a BIBL3-2012-1
|
| 909 |
|
|
|a Σ
|b 172272
|
| 970 |
|
|
|a ΓΟΥΒΑΛΑ
|b ΒΑΣΩ
|z 2012/05/15
|